ՀՀ Գիտությունների ազգային ակադեմիայի հիմնարար գիտական գրադարան  =   Fundamental Scientific Library of NAS RA

Книга двух сердец : (Record no. 434788)

MARC details
000 -LEADER
fixed length control field 00928nam a2200217 a 4500
003 - CONTROL NUMBER IDENTIFIER
control field AM-YeHGA
040 ## - CATALOGING SOURCE
Original cataloging agency AM-YeHGA
090 ## - LOCALLY ASSIGNED LC-TYPE CALL NUMBER (OCLC); LOCAL CALL NUMBER (RLIN)
-- 437414
005 - DATE AND TIME OF LATEST TRANSACTION
control field 20250617155548.0
008 - FIXED-LENGTH DATA ELEMENTS--GENERAL INFORMATION
fixed length control field 180330s1959 uz |||||r|||||000|1|rus||
041 1# - LANGUAGE CODE
Language code of text/sound track or separate title rus
Language code of original uzb
100 1# - MAIN ENTRY--PERSONAL NAME
Personal name Рашидов, Шараф
245 10 - TITLE STATEMENT
Title Книга двух сердец :
Remainder of title Киносценарий /
Statement of responsibility, etc. Шараф Рашидов, Виктор Виткович.
260 ## - PUBLICATION, DISTRIBUTION, ETC.
Place of publication, distribution, etc. Ташкент :
Name of publisher, distributor, etc. Объедин. изд-в "Кзыл Узбекистана", "Правда Востока" и "Узбекистони сурх",
Date of publication, distribution, etc. 1959.
300 ## - PHYSICAL DESCRIPTION
Extent 59 с. ;
Dimensions 17 см.
650 14 - SUBJECT ADDED ENTRY--TOPICAL TERM
Topical term or geographic name entry element Художественная литература
Geographic subdivision Узбекистан
650 14 - SUBJECT ADDED ENTRY--TOPICAL TERM
Topical term or geographic name entry element Узбекская литература
653 0# - INDEX TERM--UNCONTROLLED
Uncontrolled term Кинофильмы художественные - Сценарии
700 1# - ADDED ENTRY--PERSONAL NAME
Personal name Виткович, Виктор
942 ## - ADDED ENTRY ELEMENTS (KOHA)
Source of classification or shelving scheme Universal Decimal Classification
Koha item type Գրքեր / Books
Holdings
Withdrawn status Lost status Source of classification or shelving scheme Damaged status Not for loan Collection Home library Current library Date acquired Total checkouts Full call number Barcode Date last seen Price effective from Koha item type Public note
    Universal Decimal Classification     General Fundamental Scientific Library Fundamental Scientific Library 29/07/2019   PII/11173 FL0595777 29/07/2019 29/07/2019 Գրքեր / Books 30 Days Loan


ՀՀ ԳԱԱ հիմնարար գիտական գրադարան
ՀՀ,Երևան 0019
Մարշալ Բաղրամյան 24/6
հեռախոս:(374-10) 52-47-50
Հետադարձ կապ

All site content, except where otherwise noted, is licensed under a
Creative Commons License